Aimer son travail : 13 novembre 2015 dans un hôpital parisien (notice n° 1645856)
[ vue normale ]
| 000 -LEADER | |
|---|---|
| fixed length control field | 01471cam a2200205 4500500 |
| 005 - DATE AND TIME OF LATEST TRANSACTION | |
| control field | 20260208002220.0 |
| 041 ## - LANGUAGE CODE | |
| Language code of text/sound track or separate title | fre |
| 042 ## - AUTHENTICATION CODE | |
| Authentication code | dc |
| 100 10 - MAIN ENTRY--PERSONAL NAME | |
| Personal name | Gomez, Jean-François |
| Relator term | author |
| 245 00 - TITLE STATEMENT | |
| Title | Aimer son travail : 13 novembre 2015 dans un hôpital parisien |
| 260 ## - PUBLICATION, DISTRIBUTION, ETC. | |
| Date of publication, distribution, etc. | 2017.<br/> |
| 500 ## - GENERAL NOTE | |
| General note | 26 |
| 520 ## - SUMMARY, ETC. | |
| Summary, etc. | À partir du récit de la nuit du 13 novembre 2015 à l’hôpital Saint-Antoine à Paris, proche du Bataclan, l’auteur étudie le comportement du personnel hospitalier, pris dans la tourmente d’événements exceptionnels. La gravité de la situation va les obliger à s’adapter très rapidement ; les principes de hiérarchie et d’organisation se verront radicalement modifiés. L’auteur en tire des réflexions actuelles sur les orientations managériales à l’hôpital, puis par extension sur les évolutions du travail social, alimentées par les travaux récents de deux sociologues. Pour l’idéologie managériale, la grande inconnue est précisément la « merveille » qui s’est produite à Saint-Antoine et qui a pu enfin se libérer : la capacité des professionnels d’aimer leur travail et de s’y investir en pleine capacité. |
| 690 ## - LOCAL SUBJECT ADDED ENTRY--TOPICAL TERM (OCLC, RLIN) | |
| Topical term or geographic name as entry element | gestion de la motivation |
| 690 ## - LOCAL SUBJECT ADDED ENTRY--TOPICAL TERM (OCLC, RLIN) | |
| Topical term or geographic name as entry element | hôpital |
| 690 ## - LOCAL SUBJECT ADDED ENTRY--TOPICAL TERM (OCLC, RLIN) | |
| Topical term or geographic name as entry element | management |
| 690 ## - LOCAL SUBJECT ADDED ENTRY--TOPICAL TERM (OCLC, RLIN) | |
| Topical term or geographic name as entry element | situation extrême |
| 786 0# - DATA SOURCE ENTRY | |
| Note | Empan | 105 | 1 | 2017-03-16 | p. 88-95 | 1152-3336 |
| 856 41 - ELECTRONIC LOCATION AND ACCESS | |
| Uniform Resource Identifier | <a href="https://shs.cairn.info/revue-empan-2017-1-page-88?lang=fr&redirect-ssocas=7080">https://shs.cairn.info/revue-empan-2017-1-page-88?lang=fr&redirect-ssocas=7080</a> |
Pas d'exemplaire disponible.




Réseaux sociaux